[Event "Medellin Aristizabal Cup"]
[Site "Medellin"]
[Date "2016.05.21"]
[Round "5"]
[White "Londono, Diego"]
[Black "Molina Ballesteros, Juan Sebastian"]
[Result "1-0"]
[WhiteElo "1659"]
[BlackElo "1345"]
[PlyCount "45"]
[EventDate "2016.05.18"]
[EventType "swiss"]
[EventRounds "7"]
[EventCountry "COL"]
[SourceTitle "CBM 172 Extra"]
[Source "ChessBase"]
[SourceDate "2016.06.21"]
[SourceVersion "1"]
[SourceVersionDate "2016.06.21"]
[SourceQuality "1"]

1. e4 d6 2. d4 Nf6 3. Nc3 g6 4. Nf3 Bg7 5. Bg5 0-0 6. Qd2 Bg4 7. Be2 Bxf3 8. Bxf3 Nc6 9. Ne2 e5 10. d5 Ne7 11. h4 Qd7 12. h5 Rfe8 13. Bxf6 Bxf6 14. hxg6 Nxg6 15. Qh6 Bg7 16. Qxh7+ Kf8 17. Ng3 Qe7 18. Nf5 Qf6 19. g4 Bh8 20. Rh5 a6 21. g5 Qd8 22. Qxh8+ Nxh8 23. Rxh8# 1-0

[Event "Medellin Segunda Antioquia op"]
[Site "Medellin"]
[Date "2016.04.17"]
[Round "7.13"]
[White "Perez Lujan, Mateo"]
[Black "Londono, Diego"]
[Result "1-0"]
[WhiteElo "1600"]
[BlackElo "1667"]
[PlyCount "69"]
[EventDate "2016.04.13"]
[EventType "swiss"]
[EventRounds "7"]
[EventCountry "COL"]
[SourceTitle "EXT 2024"]
[Source "ChessBase"]
[SourceDate "2023.10.10"]
[SourceVersion "1"]
[SourceVersionDate "2023.10.10"]
[SourceQuality "1"]

1. e4 e6 2. d4 d5 3. Nc3 Nf6 4. e5 Nfd7 5. Nce2 c5 6. c3 Qb6 7. f4 Nc6 8. Nf3 Ne7 9. Ng3 cxd4 10. Nxd4 Nc6 11. Be3 Nxd4 12. Bxd4 Qxb2 13. Bd3 Qxg2 14. Qb3 Qf3 15. Be2 Qxf4 16. Nh5 Qh4+ 17. Bf2 Qe4 18. Ng3 Qxe5 19. Bd4 Qc7 20. 0-0-0 Nb6 21. Rhf1 Bd7 22. Rde1 Ba4 23. Bxb6 axb6 24. Bb5+ Bxb5 25. Qxb5+ Qc6 26. Qe2 Qxc3+ 27. Kb1 Ra5 28. Rxf7 Rb5+ 29. Qxb5+ Kxf7 30. Qd7+ Kg6 31. Rxe6+ Kg5 32. Qxd5+ Kg4 33. Re4+ Kh3 34. Rh4+ Kxh4 35. Qh5# 1-0

[Event "Medellin Region 1601/1800"]
[Site "Medellin"]
[Date "2010.02.23"]
[Round "4.15"]
[White "Londono, Diego"]
[Black "Escobar Castaneda, Daniel"]
[Result "1/2-1/2"]
[WhiteElo "1627"]
[BlackElo "1781"]
[PlyCount "51"]
[EventDate "2010.02.17"]
[EventType "swiss"]
[EventRounds "7"]
[EventCountry "COL"]
[SourceTitle "EXT 2024"]
[Source "ChessBase"]
[SourceDate "2023.10.10"]
[SourceVersion "1"]
[SourceVersionDate "2023.10.10"]
[SourceQuality "1"]

1. e4 e5 2. Nf3 Nc6 3. d4 exd4 4. Bc4 Bc5 5. Ng5 Nh6 6. Qh5 Qf6 7. 0-0 0-0 8. Nf3 d6 9. Bxh6 Qxh6 10. Qxh6 gxh6 11. Nbd2 Be6 12. Be2 Kh8 13. Rfd1 Ne5 14. Ne1 f5 15. Nd3 Nxd3 16. Bxd3 Rf7 17. Re1 Raf8 18. e5 Bd5 19. Bc4 Bxc4 20. Nxc4 b5 21. Nd2 d5 22. Nb3 Bb6 23. Rad1 c5 24. f4 a5 25. Nc1 Rd8 26. Kf1 1/2-1/2